|
|
|
|
| LEADER |
00000nam a22000007a 4500 |
| 005 |
20190714150641.0 |
| 007 |
cr|||| |||| |
| 008 |
190714s2019 br |||||s|||| 00||0 por d |
| 020 |
|
|
|a 978-85-7789-444-4
|
| 035 |
|
|
|a 23843
|
| 040 |
|
|
|a vLex
|
| 090 |
|
|
|c 9029
|d 9029
|
| 100 |
1 |
|
|a Bellini de Castro, Leonardo
|
| 245 |
1 |
0 |
|a Lei Anticorrupȯ̂
|h [Recurso electrn̤ico] :
|b Impactos sistm̊icos e transversais /
|c Leonardo Bellini de Castro
|
| 256 |
|
|
|a Servicio en ln̕ea
|
| 260 |
|
|
|a San Pablo:
|b JH Mizuno,
|c 2019
|
| 300 |
|
|
|a 1 recurso electrn̤ico
|
| 500 |
|
|
|a A nossa histr̤ica polt̕ica recente revela, de forma inescapv̀el, que o fenm̥eno da corrupȯ̂ ocupa posiȯ̂-chave na pauta nacional, sendo importante vetor para instabilidades polt̕icas e sociais. A ineficin̊cia no enfrentamento desse mal com o consequente incrustramento de prt̀icas corruptas e corruptoras em nossa prx̀is social, polt̕ica e econm̥ica tem conduzido a uma necessidade premente de mudanȧ de paradigmas com o avanȧr de uma pauta substancialmente democrt̀ica e civilizatr̤ia. O jeitinho, a ineficin̊cia estatal e a impunidade, marcas caracters̕ticas de nossa cultura, estô sendo apontadas como nd̤oas nô mais toleradas. Em atenȯ̂ a tais reclamos, cheios de avanȧr e retrocessos, alguns diplomas normativos vm̊ sendo aprovados no sentido de equacionar respostas jurd̕icas, sendo exemplo j ̀nô tô recente a Lei nð 12.846/13, que vem sendo chamada de Lei Anticorrupȯ̂ Empresarial. A legislaȯ̂ em tela, nô apenas centrada no ḿbito estatal, busca tambm̌ inaugurar uma nova era na cultura corporativa brasileira conclamando o segmento empresarial na adesô a compromissos ťicos, o que vem se dar pelos chamados programas de compliance. Supera-se, ainda, tradiė̳s arraigadas com a abertura jurd̕ica da possibilidade dos acordos de lenin̊cia. Almejou-se com o presente trabalho a demonstraȯ̂ das interaė̳s existentes no microssistema normativo criado pelas Leis nð 12.846/13, 8.429/92 e 8.666/93 e da necessidade de desenvolvimento de uma exegese voltada ̉preservaȯ̂ da integridade lg̤ica desses diplomas entre si e com o texto constitucional.
|
| 506 |
1 |
|
|a Disponible solo en los productos indicados
|d vLex Global
|d vLex Global (Academic Edition, excluding Law Schools)
|d vLex Global (U.S. Academic Edition, Law Schools)
|d vLex Global (U.S. Academic Edition, excluding Law Schools)
|d vLex Global (Academic Edition, Law Schools)
|
| 650 |
0 |
4 |
|a Derecho Penal
|z Brasil
|
| 740 |
0 |
|
|a vLex Libros (Servicio en ln̕ea)
|
| 856 |
4 |
0 |
|u http://vlex.com/source/lei-anticorrup-o-impactos-sist-micos-e-transversais-23843
|z Acceso restringido
|
| 942 |
|
|
|c BOOK
|
| 999 |
0 |
|
|a Criminal law
|